000 00961nas a2200253 454500
001 21722
005 20260407193506.0
008 260407s1958####ag###########|||spa#d
003 AR-UNSa-BCEJYS
040 _aAR-UNSa-BCEJYS
_bspa
_cAR-UNSa-BCEJYS
080 _a311.3
_xOrganización general de las estadisticas. Estadística oficial
245 1 0 _aBoletín estadìstico
022 _a0005-4674
264 1 _aBuenos Aires :
_bBanco Central de la República Argentina
_c1958
310 _aFrecuencia: Mensual A partir de Julio del 2013, se podrá consultar el boletín unicamente en formato electronico
942 _cSER
590 _aniveau_biblio:s niveau_hierar:1
100 1 _aBanco Central de la República Argentina
650 _aDatos estadísticos
650 _aECONOMIA
650 _aSISTEMA FINANCIERO
650 _aBANCO CENTRAL
856 4 1 _uhttps://biblioeco.unsa.edu.ar/pmb/images/revistas/Boletin Estadistico.jpg
_yImagen de portada
_qimage/jpeg
999 _c8553
_d8553